000 00479nam a22001817a 4500
003 CEME
005 20210628203222.0
008 210203b xxu||||| |||| 00| 0 eng d
020 _a9780070173125
040 _c.
082 _a338.642 MAN
100 _aAut University
_964066
245 _aManagement of smes
260 _aNEW YORK
_bMCGRAW HILL
_c2008
300 _a265P
650 _aSMALL BUSINESS. , BUSINESS ENTERPRISES. ., MANAGEMENT OF SMES
_964067
942 _cBK
_2ddc
999 _c572701
_d572701